[Event "Hoogeveen Open"]
[Site "Hoogeveen, Netherlands"]
[Date "2018.10.24"]
[Round "6.1"]
[White "Kryakvin, Dmitry"]
[Black "Amin, Bassem"]
[Result "1/2-1/2"]
[WhiteElo "2595"]
[BlackElo "2686"]

1. d4 {[%clk 01:30:56]} {[%emt 00:00:03]} Nf6 {[%clk 01:30:03]} {[%emt
00:00:58]} 2. c4 {[%clk 01:31:19]} {[%emt 00:00:07]} g6 {[%clk 01:30:28]}
{[%emt 00:00:06]} 3. Nc3 {[%clk 01:31:42]} {[%emt 00:00:07]} Bg7 {[%clk
01:30:53]} {[%emt 00:00:03]} 4. e4 {[%clk 01:32:04]} {[%emt 00:00:07]} d6
{[%clk 01:31:18]} {[%emt 00:00:06]} 5. Nf3 {[%clk 01:32:28]} {[%emt 00:00:05]}
O-O {[%clk 01:31:42]} {[%emt 00:00:07]} 6. Be2 {[%clk 01:32:51]} {[%emt
00:00:06]} e5 {[%clk 01:32:07]} {[%emt 00:00:06]} 7. d5 {[%clk 01:33:05]}
{[%emt 00:00:15]} a5 {[%clk 01:31:04]} {[%emt 00:01:33]} 8. Bg5 {[%clk
01:32:24]} {[%emt 00:01:10]} h6 {[%clk 01:31:04]} {[%emt 00:00:31]} 9. Be3
{[%clk 01:32:12]} {[%emt 00:00:42]} Ng4 {[%clk 01:31:00]} {[%emt 00:00:35]} 10.
Bd2 {[%clk 01:32:18]} {[%emt 00:00:24]} f5 {[%clk 01:30:45]} {[%emt 00:00:45]}
11. exf5 {[%clk 01:31:31]} {[%emt 00:01:17]} gxf5 {[%clk 01:31:01]} {[%emt
00:00:14]} 12. h3 {[%clk 01:31:55]} {[%emt 00:00:06]} Nf6 {[%clk 01:31:11]}
{[%emt 00:00:20]} 13. Qc1 {[%clk 01:32:09]} {[%emt 00:00:15]} f4 {[%clk
01:31:10]} {[%emt 00:00:31]} 14. g3 {[%clk 01:32:20]} {[%emt 00:00:19]} e4
{[%clk 01:31:24]} {[%emt 00:00:17]} 15. Nh4 {[%clk 01:32:40]} {[%emt 00:00:08]}
e3 {[%clk 01:31:47]} {[%emt 00:00:09]} 16. fxe3 {[%clk 01:33:04]} {[%emt
00:00:06]} fxg3 {[%clk 01:32:12]} {[%emt 00:00:05]} 17. Ng6 {[%clk 01:31:56]}
{[%emt 00:01:38]} Re8 {[%clk 01:32:03]} {[%emt 00:00:39]} 18. Nf4 {[%clk
01:31:39]} {[%emt 00:00:47]} Bf5 {[%clk 01:29:31]} {[%emt 00:03:02]} 19. O-O
{[%clk 01:30:29]} {[%emt 00:01:40]} Na6 {[%clk 01:20:37]} {[%emt 00:09:24]} 20.
Rf3 {[%clk 01:28:50]} {[%emt 00:02:08]} Nc5 {[%clk 01:17:44]} {[%emt 00:03:24]}
21. Nh5 {[%clk 01:26:57]} {[%emt 00:02:23]} Be4 {[%clk 01:14:34]} {[%emt
00:03:41]} 22. Nxe4 {[%clk 01:20:17]} {[%emt 00:07:10]} Nfxe4 {[%clk 01:14:27]}
{[%emt 00:00:36]} 23. Nxg7 {[%clk 01:18:49]} {[%emt 00:01:58]} Kxg7 {[%clk
01:14:44]} {[%emt 00:00:13]} 24. Bc3+ {[%clk 00:54:42]} {[%emt 00:24:37]} Nxc3
{[%clk 01:12:24]} {[%emt 00:02:50]} 25. Qxc3+ {[%clk 00:53:45]} {[%emt
00:01:26]} Re5 {[%clk 01:12:49]} {[%emt 00:00:05]} 26. Rxg3+ {[%clk 00:50:53]}
{[%emt 00:03:22]} Kh8 {[%clk 01:12:58]} {[%emt 00:00:20]} 27. Qd4 {[%clk
00:41:06]} {[%emt 00:10:18]} Qe7 {[%clk 01:12:53]} {[%emt 00:00:35]} 28. Qf4
{[%clk 00:34:09]} {[%emt 00:07:28]} Rg5 {[%clk 01:12:59]} {[%emt 00:00:23]} 29.
Rxg5 {[%clk 00:33:41]} {[%emt 00:00:59]} Qxg5+ {[%clk 01:13:16]} {[%emt
00:00:13]} 30. Qxg5 {[%clk 00:33:26]} {[%emt 00:00:45]} hxg5 {[%clk 01:13:44]}
{[%emt 00:00:01]} 31. Rf1 {[%clk 00:29:10]} {[%emt 00:04:45]} Kg7 {[%clk
01:12:42]} {[%emt 00:01:32]} 32. Rf5 {[%clk 00:28:54]} {[%emt 00:00:47]} Kg6
{[%clk 01:12:34]} {[%emt 00:00:37]} 33. Rf3 {[%clk 00:29:14]} {[%emt 00:00:07]}
Kg7 {[%clk 01:08:32]} {[%emt 00:04:35]} 34. Rf5 {[%clk 00:21:44]} {[%emt
00:08:00]} Kg6 {[%clk 01:08:37]} {[%emt 00:00:24]} 1/2-1/2

[Event "Hoogeveen Open"]
[Site "Hoogeveen, Netherlands"]
[Date "2018.10.24"]
[Round "6.2"]
[White "Karthikeyan, P."]
[Black "Safarli, Eltaj"]
[Result "0-1"]
[WhiteElo "2443"]
[BlackElo "2676"]

1. d4 {[%clk 01:30:42]} {[%emt 00:00:16]} d5 {[%clk 01:30:54]} {[%emt
00:00:07]} 2. Nf3 {[%clk 01:30:27]} {[%emt 00:00:44]} Bf5 {[%clk 01:31:17]}
{[%emt 00:00:08]} 3. c4 {[%clk 01:29:09]} {[%emt 00:01:49]} e6 {[%clk
01:31:41]} {[%emt 00:00:05]} 4. Nc3 {[%clk 01:25:17]} {[%emt 00:04:22]} Bb4
{[%clk 01:31:43]} {[%emt 00:00:29]} 5. Qb3 {[%clk 01:21:39]} {[%emt 00:04:08]}
Nc6 {[%clk 01:31:50]} {[%emt 00:00:22]} 6. a3 {[%clk 01:17:23]} {[%emt
00:04:46]} Bxc3+ {[%clk 01:32:14]} {[%emt 00:00:07]} 7. Qxc3 {[%clk 01:16:24]}
{[%emt 00:01:28]} Nge7 {[%clk 01:32:00]} {[%emt 00:00:44]} 8. b3 {[%clk
01:13:46]} {[%emt 00:03:09]} O-O {[%clk 01:30:35]} {[%emt 00:01:55]} 9. e3
{[%clk 01:13:04]} {[%emt 00:01:11]} Bg4 {[%clk 01:27:54]} {[%emt 00:03:12]} 10.
Nd2 {[%clk 01:03:14]} {[%emt 00:10:20]} e5 {[%clk 01:24:59]} {[%emt 00:03:26]}
11. dxe5 {[%clk 01:02:09]} {[%emt 00:01:34]} d4 {[%clk 01:25:15]} {[%emt
00:00:14]} 12. exd4 {[%clk 01:02:06]} {[%emt 00:00:33]} Nxd4 {[%clk 01:25:11]}
{[%emt 00:00:34]} 13. Bb2 {[%clk 01:00:55]} {[%emt 00:01:41]} c5 {[%clk
01:10:36]} {[%emt 00:15:05]} 14. f3 {[%clk 00:55:49]} {[%emt 00:05:36]} Bf5
{[%clk 01:10:36]} {[%emt 00:00:31]} 15. g4 {[%clk 00:47:38]} {[%emt 00:08:40]}
Bc2 {[%clk 01:04:31]} {[%emt 00:06:35]} 16. h4 {[%clk 00:40:21]} {[%emt
00:07:48]} f5 {[%clk 00:59:25]} {[%emt 00:05:36]} 17. Rc1 {[%clk 00:36:44]}
{[%emt 00:04:06]} fxg4 {[%clk 00:58:38]} {[%emt 00:01:17]} 18. Rxc2 {[%clk
00:36:50]} {[%emt 00:00:24]} gxf3 {[%clk 00:48:19]} {[%emt 00:10:49]} 19. Qd3
{[%clk 00:31:52]} {[%emt 00:05:28]} Nec6 {[%clk 00:35:56]} {[%emt 00:12:53]} 20.
Kd1 {[%clk 00:30:13]} {[%emt 00:02:09]} Rf4 {[%clk 00:29:31]} {[%emt 00:06:55]}
21. Qe3 {[%clk 00:17:21]} {[%emt 00:13:22]} Qf8 {[%clk 00:29:34]} {[%emt
00:00:27]} 22. Rc3 {[%clk 00:11:11]} {[%emt 00:06:39]} Re8 {[%clk 00:29:39]}
{[%emt 00:00:25]} 23. Qf2 {[%clk 00:10:44]} {[%emt 00:00:56]} Rxe5 {[%clk
00:22:12]} {[%emt 00:07:57]} 24. Re3 {[%clk 00:10:22]} {[%emt 00:00:53]} Qe7
{[%clk 00:18:20]} {[%emt 00:04:23]} 25. Rxe5 {[%clk 00:09:46]} {[%emt
00:01:05]} Nxe5 {[%clk 00:18:45]} {[%emt 00:00:04]} 26. Qe3 {[%clk 00:09:20]}
{[%emt 00:00:57]} Qf6 {[%clk 00:16:29]} {[%emt 00:02:47]} 27. Bd3 {[%clk
00:07:49]} {[%emt 00:02:01]} f2 {[%clk 00:06:47]} {[%emt 00:10:12]} 28. Rf1
{[%clk 00:08:04]} {[%emt 00:00:15]} h6 {[%clk 00:03:31]} {[%emt 00:03:46]} 29.
Be4 {[%clk 00:04:52]} {[%emt 00:03:42]} Ng4 {[%clk 00:03:26]} {[%emt 00:00:35]}
30. Bd5+ {[%clk 00:05:08]} {[%emt 00:00:13]} Kf8 {[%clk 00:03:34]} {[%emt
00:00:22]} 31. Qg3 {[%clk 00:02:50]} {[%emt 00:02:48]} Qe5 {[%clk 00:01:57]}
{[%emt 00:02:08]} 32. Bxd4 {[%clk 00:01:42]} {[%emt 00:01:38]} Qxd4 {[%clk
00:02:25]} {[%emt 00:00:01]} 33. Kc1 {[%clk 00:00:46]} {[%emt 00:01:26]} Ne3
{[%clk 00:02:41]} {[%emt 00:00:14]} 34. Rxf2 {[%clk 00:00:34]} {[%emt
00:00:42]} Nxd5 {[%clk 00:02:40]} {[%emt 00:00:32]} 35. Re2 {[%clk 00:00:33]}
{[%emt 00:00:32]} Nf6 {[%clk 00:01:46]} {[%emt 00:01:24]} 36. Rg2 {[%clk
00:00:37]} {[%emt 00:00:26]} Ng4 {[%clk 00:01:13]} {[%emt 00:01:03]} 37. Re2
{[%clk 00:00:43]} {[%emt 00:00:23]} Kg8 {[%clk 00:00:40]} {[%emt 00:01:03]} 38.
h5 {[%clk 00:00:44]} {[%emt 00:00:28]} Nf6 {[%clk 00:00:34]} {[%emt 00:00:37]}
39. Re7 {[%clk 00:00:44]} {[%emt 00:00:30]} Rg4 {[%clk 00:00:33]} {[%emt
00:00:32]} 40. Qb8+ {[%clk 00:00:40]} {[%emt 00:00:33]} Kh7 {[%clk 00:00:59]}
{[%emt 00:00:04]} 41. Qxb7 {[%clk 00:30:22]} {[%emt 00:00:49]} Qa1+ {[%clk
00:26:34]} {[%emt 00:04:54]} 42. Kc2 {[%clk 00:30:44]} {[%emt 00:00:08]} Rg3
{[%clk 00:26:42]} {[%emt 00:00:22]} 0-1

[Event "Hoogeveen Open"]
[Site "Hoogeveen, Netherlands"]
[Date "2018.10.24"]
[Round "6.3"]
[White "Guseinov, Gadir"]
[Black "Pruijssers, Roeland"]
[Result "1/2-1/2"]
[WhiteElo "2667"]
[BlackElo "2501"]

1. e4 {[%clk 01:30:56]} {[%emt 00:00:04]} c5 {[%clk 01:30:39]} {[%emt
00:00:21]} 2. Nc3 {[%clk 01:31:07]} {[%emt 00:00:21]} e6 {[%clk 01:31:01]}
{[%emt 00:00:07]} 3. Nf3 {[%clk 01:31:29]} {[%emt 00:00:07]} Nc6 {[%clk
01:31:24]} {[%emt 00:00:07]} 4. d4 {[%clk 01:31:54]} {[%emt 00:00:06]} cxd4
{[%clk 01:31:49]} {[%emt 00:00:04]} 5. Nxd4 {[%clk 01:32:19]} {[%emt 00:00:05]}
Qc7 {[%clk 01:32:12]} {[%emt 00:00:06]} 6. Be3 {[%clk 01:32:06]} {[%emt
00:00:44]} a6 {[%clk 01:32:34]} {[%emt 00:00:08]} 7. Qd2 {[%clk 01:31:57]}
{[%emt 00:00:39]} Nf6 {[%clk 01:32:57]} {[%emt 00:00:07]} 8. f4 {[%clk
01:32:19]} {[%emt 00:00:08]} Bb4 {[%clk 01:28:05]} {[%emt 00:05:23]} 9. Bd3
{[%clk 01:31:54]} {[%emt 00:00:55]} Na5 {[%clk 01:28:11]} {[%emt 00:00:24]} 10.
a3 {[%clk 01:31:51]} {[%emt 00:00:33]} Bxc3 {[%clk 01:28:34]} {[%emt 00:00:07]}
11. Qxc3 {[%clk 01:32:17]} {[%emt 00:00:04]} Qxc3+ {[%clk 01:28:54]} {[%emt
00:00:10]} 12. bxc3 {[%clk 01:32:42]} {[%emt 00:00:05]} d5 {[%clk 01:29:17]}
{[%emt 00:00:06]} 13. exd5 {[%clk 01:33:06]} {[%emt 00:00:05]} exd5 {[%clk
01:29:41]} {[%emt 00:00:07]} 14. Nb3 {[%clk 01:33:16]} {[%emt 00:00:21]} Nc4
{[%clk 01:29:28]} {[%emt 00:00:43]} 15. Bd4 {[%clk 01:33:27]} {[%emt 00:00:19]}
Ne4 {[%clk 01:26:14]} {[%emt 00:03:44]} 16. Nc5 {[%clk 01:29:01]} {[%emt
00:04:57]} Ncd6 {[%clk 01:20:57]} {[%emt 00:05:46]} 17. Bxg7 {[%clk 01:19:11]}
{[%emt 00:10:20]} Rg8 {[%clk 01:17:54]} {[%emt 00:03:33]} 18. Be5 {[%clk
01:14:35]} {[%emt 00:05:06]} Nxc5 {[%clk 00:48:20]} {[%emt 00:30:04]} 19. Bxh7
{[%clk 01:14:14]} {[%emt 00:00:50]} Rxg2 {[%clk 00:48:43]} {[%emt 00:00:07]} 20.
Bxd6 {[%clk 01:14:39]} {[%emt 00:00:05]} Ne4 {[%clk 00:46:22]} {[%emt
00:02:52]} 21. Bxe4 {[%clk 01:12:38]} {[%emt 00:02:31]} dxe4 {[%clk 00:46:49]}
{[%emt 00:00:03]} 22. O-O-O {[%clk 01:12:47]} {[%emt 00:00:21]} Bg4 {[%clk
00:40:36]} {[%emt 00:06:43]} 23. Rhg1 {[%clk 00:44:02]} {[%emt 00:29:15]} Rxg1
{[%clk 00:37:27]} {[%emt 00:03:39]} 24. Rxg1 {[%clk 00:44:06]} {[%emt
00:00:26]} Kd7 {[%clk 00:37:53]} {[%emt 00:00:04]} 25. Be5 {[%clk 00:41:40]}
{[%emt 00:02:56]} Bf3 {[%clk 00:36:07]} {[%emt 00:02:16]} 26. Kd2 {[%clk
00:21:37]} {[%emt 00:20:34]} Ke6 {[%clk 00:34:37]} {[%emt 00:01:59]} 27. Ke3
{[%clk 00:14:41]} {[%emt 00:07:27]} Rd8 {[%clk 00:34:19]} {[%emt 00:00:48]} 28.
Rb1 {[%clk 00:04:35]} {[%emt 00:10:36]} b5 {[%clk 00:34:07]} {[%emt 00:00:41]}
29. c4 {[%clk 00:04:23]} {[%emt 00:00:43]} Rd1 {[%clk 00:29:51]} {[%emt
00:04:47]} 30. Rxd1 {[%clk 00:04:32]} {[%emt 00:00:20]} Bxd1 {[%clk 00:30:18]}
{[%emt 00:00:03]} 31. cxb5 {[%clk 00:04:13]} {[%emt 00:00:50]} axb5 {[%clk
00:30:41]} {[%emt 00:00:06]} 32. c4 {[%clk 00:04:40]} {[%emt 00:00:03]} bxc4
{[%clk 00:29:39]} {[%emt 00:01:32]} 33. Kxe4 {[%clk 00:04:46]} {[%emt
00:00:23]} f6 {[%clk 00:22:30]} {[%emt 00:07:40]} 34. Bc3 {[%clk 00:01:26]}
{[%emt 00:03:50]} Bc2+ {[%clk 00:19:39]} {[%emt 00:03:20]} 35. Kd4 {[%clk
00:01:51]} {[%emt 00:00:06]} Kf5 {[%clk 00:19:56]} {[%emt 00:00:12]} 36. Bd2
{[%clk 00:01:29]} {[%emt 00:00:53]} Bb3 {[%clk 00:19:14]} {[%emt 00:01:12]} 37.
h3 {[%clk 00:01:03]} {[%emt 00:00:56]} Kg6 {[%clk 00:16:34]} {[%emt 00:03:10]}
38. Kc3 {[%clk 00:01:09]} {[%emt 00:00:24]} Kf5 {[%clk 00:16:45]} {[%emt
00:00:19]} 39. Kd4 {[%clk 00:00:52]} {[%emt 00:00:47]} Kg6 {[%clk 00:17:13]}
{[%emt 00:00:02]} 40. Bc1 {[%clk 00:00:49]} {[%emt 00:00:33]} Kh5 {[%clk
00:05:33]} {[%emt 00:12:10]} 41. Kc5 {[%clk 00:07:56]} {[%emt 00:23:23]} Kh4
{[%clk 00:35:54]} {[%emt 00:00:08]} 42. Kb4 {[%clk 00:07:39]} {[%emt 00:00:48]}
Kxh3 {[%clk 00:36:17]} {[%emt 00:00:07]} 43. a4 {[%clk 00:08:06]} {[%emt
00:00:03]} Kg4 {[%clk 00:36:38]} {[%emt 00:00:08]} 44. a5 {[%clk 00:08:33]}
{[%emt 00:00:04]} Kf5 {[%clk 00:36:47]} {[%emt 00:00:20]} 45. a6 {[%clk
00:08:59]} {[%emt 00:00:04]} Bd1 {[%clk 00:37:10]} {[%emt 00:00:06]} 46. Kc5
{[%clk 00:08:30]} {[%emt 00:00:59]} Bf3 {[%clk 00:36:12]} {[%emt 00:01:28]} 47.
Kd6 {[%clk 00:07:50]} {[%emt 00:01:11]} Ke4 {[%clk 00:36:01]} {[%emt 00:00:41]}
48. a7 {[%clk 00:05:19]} {[%emt 00:03:01]} Kd4 {[%clk 00:26:41]} {[%emt
00:09:50]} 49. f5 {[%clk 00:04:50]} {[%emt 00:01:00]} c3 {[%clk 00:27:00]}
{[%emt 00:00:10]} 50. Ba3 {[%clk 00:01:25]} {[%emt 00:03:55]} Kc4 {[%clk
00:27:23]} {[%emt 00:00:07]} 51. Bc1 {[%clk 00:00:57]} {[%emt 00:00:58]} Kb5
{[%clk 00:24:36]} {[%emt 00:03:16]} 52. Ke6 {[%clk 00:00:40]} {[%emt 00:00:47]}
Ka6 {[%clk 00:24:57]} {[%emt 00:00:08]} 1/2-1/2

[Event "Hoogeveen Open"]
[Site "Hoogeveen, Netherlands"]
[Date "2018.10.24"]
[Round "6.4"]
[White "Van Den Doel, Erik"]
[Black "Romanov, Evgeny"]
[Result "1-0"]
[WhiteElo "2607"]
[BlackElo "2614"]

1. e4 {[%clk 01:30:57]} {[%emt 00:00:02]} c5 {[%clk 01:21:37]} {[%emt
00:09:23]} 2. Nf3 {[%clk 01:31:20]} {[%emt 00:00:07]} a6 {[%clk 01:20:38]}
{[%emt 00:01:29]} 3. c3 {[%clk 01:30:36]} {[%emt 00:01:15]} d5 {[%clk
01:21:00]} {[%emt 00:00:08]} 4. exd5 {[%clk 01:31:00]} {[%emt 00:00:06]} Qxd5
{[%clk 01:21:25]} {[%emt 00:00:05]} 5. d4 {[%clk 01:31:24]} {[%emt 00:00:06]}
e6 {[%clk 01:21:50]} {[%emt 00:00:06]} 6. Be3 {[%clk 01:28:19]} {[%emt
00:03:35]} Nd7 {[%clk 01:22:08]} {[%emt 00:00:11]} 7. Nbd2 {[%clk 01:18:35]}
{[%emt 00:10:14]} Ngf6 {[%clk 01:21:13]} {[%emt 00:01:24]} 8. Bc4 {[%clk
01:15:49]} {[%emt 00:03:16]} Qc6 {[%clk 01:19:27]} {[%emt 00:02:15]} 9. O-O
{[%clk 01:09:49]} {[%emt 00:06:30]} b6 {[%clk 01:15:40]} {[%emt 00:04:17]} 10.
Re1 {[%clk 00:47:53]} {[%emt 00:22:26]} Bb7 {[%clk 01:14:49]} {[%emt 00:01:20]}
11. Bf1 {[%clk 00:47:54]} {[%emt 00:00:29]} Be7 {[%clk 01:13:09]} {[%emt
00:02:09]} 12. Ne5 {[%clk 00:42:45]} {[%emt 00:05:41]} Nxe5 {[%clk 01:10:31]}
{[%emt 00:03:07]} 13. dxe5 {[%clk 00:43:09]} {[%emt 00:00:06]} Nd5 {[%clk
01:10:46]} {[%emt 00:00:14]} 14. Nc4 {[%clk 00:37:53]} {[%emt 00:05:47]} O-O-O
{[%clk 00:57:20]} {[%emt 00:13:56]} 15. Qh5 {[%clk 00:37:23]} {[%emt 00:01:00]}
f5 {[%clk 00:54:53]} {[%emt 00:02:57]} 16. Bg5 {[%clk 00:35:46]} {[%emt
00:02:07]} g6 {[%clk 00:41:12]} {[%emt 00:14:11]} 17. Qh4 {[%clk 00:35:42]}
{[%emt 00:00:34]} Bxg5 {[%clk 00:40:40]} {[%emt 00:01:02]} 18. Qxg5 {[%clk
00:36:08]} {[%emt 00:00:04]} h6 {[%clk 00:40:59]} {[%emt 00:00:11]} 19. Qg3
{[%clk 00:33:46]} {[%emt 00:02:52]} g5 {[%clk 00:34:36]} {[%emt 00:06:53]} 20.
Nd6+ {[%clk 00:33:11]} {[%emt 00:01:05]} Rxd6 {[%clk 00:34:41]} {[%emt
00:00:24]} 21. exd6 {[%clk 00:33:36]} {[%emt 00:00:05]} Nf4 {[%clk 00:35:05]}
{[%emt 00:00:06]} 22. Rad1 {[%clk 00:31:32]} {[%emt 00:02:35]} Rd8 {[%clk
00:35:27]} {[%emt 00:00:07]} 23. h4 {[%clk 00:20:18]} {[%emt 00:11:43]} Kb8
{[%clk 00:35:23]} {[%emt 00:00:34]} 24. hxg5 {[%clk 00:17:16]} {[%emt
00:03:34]} hxg5 {[%clk 00:35:42]} {[%emt 00:00:11]} 25. d7 {[%clk 00:17:07]}
{[%emt 00:00:39]} Ka7 {[%clk 00:35:33]} {[%emt 00:00:39]} 26. f3 {[%clk
00:16:48]} {[%emt 00:00:49]} Rxd7 {[%clk 00:26:17]} {[%emt 00:09:46]} 27. Qxg5
{[%clk 00:16:49]} {[%emt 00:00:30]} Rxd1 {[%clk 00:26:33]} {[%emt 00:00:14]} 28.
Rxd1 {[%clk 00:17:15]} {[%emt 00:00:04]} Qc7 {[%clk 00:26:54]} {[%emt
00:00:08]} 29. Qd8 {[%clk 00:10:15]} {[%emt 00:07:31]} Qe5 {[%clk 00:26:49]}
{[%emt 00:00:36]} 30. Qd2 {[%clk 00:10:14]} {[%emt 00:00:30]} Nd5 {[%clk
00:20:15]} {[%emt 00:07:04]} 31. Re1 {[%clk 00:10:10]} {[%emt 00:00:34]} Qf6
{[%clk 00:18:55]} {[%emt 00:01:50]} 32. Bc4 {[%clk 00:06:32]} {[%emt 00:04:09]}
Qh4 {[%clk 00:09:13]} {[%emt 00:10:12]} 33. Bxd5 {[%clk 00:06:57]} {[%emt
00:00:06]} Bxd5 {[%clk 00:09:22]} {[%emt 00:00:20]} 34. b3 {[%clk 00:07:21]}
{[%emt 00:00:07]} c4 {[%clk 00:09:39]} {[%emt 00:00:13]} 35. b4 {[%clk
00:07:22]} {[%emt 00:00:30]} Kb7 {[%clk 00:07:25]} {[%emt 00:02:43]} 36. a4
{[%clk 00:07:38]} {[%emt 00:00:14]} Kc6 {[%clk 00:07:21]} {[%emt 00:00:34]} 37.
Ra1 {[%clk 00:05:21]} {[%emt 00:02:47]} Kd7 {[%clk 00:05:07]} {[%emt 00:02:44]}
38. Qf2 {[%clk 00:04:05]} {[%emt 00:01:46]} Qf6 {[%clk 00:05:21]} {[%emt
00:00:15]} 39. Qd4 {[%clk 00:03:19]} {[%emt 00:01:17]} Qxd4+ {[%clk 00:00:50]}
{[%emt 00:05:01]} 40. cxd4 {[%clk 00:03:46]} {[%emt 00:00:03]} f4 {[%clk
00:01:14]} {[%emt 00:00:05]} 41. Kf2 {[%clk 00:00:45]} {[%emt 00:03:31]} Kd6
{[%clk 00:27:05]} {[%emt 00:04:39]} 42. a5 {[%clk 00:22:02]} {[%emt 00:09:14]}
b5 {[%clk 00:18:15]} {[%emt 00:09:20]} 43. Re1 {[%clk 00:14:08]} {[%emt
00:08:24]} c3 {[%clk 00:17:29]} {[%emt 00:01:16]} 44. Ke2 {[%clk 00:14:34]}
{[%emt 00:00:03]} Bc4+ {[%clk 00:11:33]} {[%emt 00:06:26]} 45. Kd1 {[%clk
00:15:01]} {[%emt 00:00:04]} Bd3 {[%clk 00:07:45]} {[%emt 00:04:17]} 46. Re5
{[%clk 00:06:41]} {[%emt 00:08:50]} Bf1 {[%clk 00:07:54]} {[%emt 00:00:22]} 47.
Rg5 {[%clk 00:07:02]} {[%emt 00:00:09]} Bd3 {[%clk 00:08:17]} {[%emt 00:00:06]}
48. Rc5 {[%clk 00:07:06]} {[%emt 00:00:25]} c2+ {[%clk 00:07:20]} {[%emt
00:01:27]} 49. Kd2 {[%clk 00:06:30]} {[%emt 00:01:07]} Bf5 {[%clk 00:07:24]}
{[%emt 00:00:27]} 50. Re5 {[%clk 00:06:21]} {[%emt 00:00:39]} Kc6 {[%clk
00:07:10]} {[%emt 00:00:43]} 51. Re4 {[%clk 00:06:18]} {[%emt 00:00:32]} Kd5
{[%clk 00:05:19]} {[%emt 00:02:20]} 52. Rxf4 {[%clk 00:06:44]} {[%emt
00:00:05]} Kc4 {[%clk 00:05:19]} {[%emt 00:00:30]} 53. Rxf5 {[%clk 00:02:49]}
{[%emt 00:04:25]} exf5 {[%clk 00:05:40]} {[%emt 00:00:09]} 54. g4 {[%clk
00:03:16]} {[%emt 00:00:03]} fxg4 {[%clk 00:01:41]} {[%emt 00:04:29]} 55. fxg4
{[%clk 00:03:42]} {[%emt 00:00:04]} Kb3 {[%clk 00:01:52]} {[%emt 00:00:19]} 56.
Kc1 {[%clk 00:04:08]} {[%emt 00:00:05]} Kxb4 {[%clk 00:02:15]} {[%emt
00:00:07]} 57. Kxc2 {[%clk 00:04:26]} {[%emt 00:00:12]} Kc4 {[%clk 00:01:51]}
{[%emt 00:00:54]} 58. g5 {[%clk 00:04:53]} {[%emt 00:00:03]} Kd5 {[%clk
00:02:16]} {[%emt 00:00:05]} 59. g6 {[%clk 00:05:05]} {[%emt 00:00:18]} Ke6
{[%clk 00:02:41]} {[%emt 00:00:04]} 60. d5+ {[%clk 00:05:30]} {[%emt 00:00:06]}
1-0